000 00632nam a2200205Ii 4500
001 10594
003 CO-ViMGA
008 241108s9999||||xx |||||||||||||| ||und||
040 _aCO-ViMGA
_bspa
_erda
_cCO-ViMGA
041 0 _aunk
082 0 4 _a986.14-S487
100 1 _aRafael Serrano Camargo
_956719
245 1 0 _aEn aquella ciudad :
_bcrónica minima de Bogotá
264 1 _a[Lugar de publicación no identificado] : Tercer Mundo, 1981
300 _avolumen
336 _atext
_btxt
_2rdacontent
337 _aunmediated
_bn
_2rdamedia
338 _avolume
_bnc
_2rdacarrier
940 _aidficha_siabuc: 10341. -- ficha_no_siabuc:10594
999 _c54821
_d54821